000 00556nam a22001937a 4500
003 CEME
005 20210628203534.0
008 210317b xxu||||| |||| 00| 0 eng d
020 _a0-07-044091-3
040 _c.
082 _a651.74 MUR'E
100 _aHildebrandt, Herbert W , Murphy, Herta A
_966115
245 _aEffective business communications
250 _a4TH
260 _aNEWYORK
_bMCGRAW HILL
_c1984
300 _a737P
650 _aCOMMUNICATION IN MANAGEMENT BUSINESS REPORT WRITING COMMERCIAL CORRESPONDENCE
_966116
942 _cBK
_2ddc
999 _c574141
_d574141